000
00288nam a22001217a 4500
008
180226b xxu||||| |||| 00| 0 eng d
041
_a
eng
080
_a
516
100
_a
58
101
_a
SOC
245
_a
THE CAULDRIN ETHNICITY IN THE MODERN WORLD
_c
NASH.M
942
_2
udc
_c
BK
999
_c
43473
_d
43473